000
00158nam a22000857a 4500
003
SGT
245
_a
shadhna
260
_a
India
_b
springer
_c
2019
942
_2
ddc
_c
LJ
999
_c
17880
_d
17880